Využitie plazmy pri balení potravín

Saved in:
Bibliographic Details
Main Author: Masliková, Kristína (Author)
Other Authors: Mošovská, Silvia (Thesis advisor)
Format: Manuscript Book
Language:Slovak
Published: 2015
Subjects:
Online Access:http://is.stuba.sk/zp/portal_zp.pl?podrobnosti=102141
Tags: Add Tag
No Tags, Be the first to tag this record!

MARC

LEADER 00000ntm a22000003a 4500
001 stuzp52743
003 SK-STU
005 20160719154251.3
007 ta
008 150427s2015----xo-----f-mn---000-0-slo-d
040 |a STU  |b slo 
041 0 |a slo 
100 1 |a Masliková, Kristína  |u 043360  |4 aut  |U FCHPT Ústav biochémie, výživy a ochrany zdravia  |T FCHPT Oddelenie výživy a hodnotenia potravín  |X 61439  |U C3360  |Y 114  |7 61439 
242 0 1 |a Utilization of plasma in food packing  |y eng 
245 1 0 |a Využitie plazmy pri balení potravín 
260 |c 2015 
650 4 |a nízkoteplotná plazma  |2 slo 
650 4 |a plasty  |2 slo 
650 4 |a antimikrobiálna aktivita  |2 slo 
650 4 |a tvorba biofilmu  |2 slo 
650 4 |a plastic materials  |2 eng 
650 4 |a antimicrobial activity  |2 eng 
650 4 |a biofilm formation  |2 eng 
650 4 |a low-temperature plasma  |2 eng 
700 1 |a Mošovská, Silvia  |4 ths  |X 25438  |7 A000025438 
856 4 |u http://is.stuba.sk/zp/portal_zp.pl?podrobnosti=102141 
SQL |a stuzp52743  |b DBP  |c SLO  |d Využitie plazmy pri balení potravín  |e 61439  |f Masliková, Kristína  |g 043360  |h 25438  |i Mošovská, Silvia  |j 20150715  |k 520  |l 04  |m http://is.stuba.sk/zp/portal_zp.pl?podrobnosti=102141  |n B-oVYKOZ  |o 5.2.24. potravinárstvo